000 00361nam a2200157Ia 4500
008 221030s9999 xx 000 0 und d
020 _a0072321016
041 _aEnglish
082 _a105.23
_bKei
100 _aG. Keiser
245 0 _aOptical Fiber Communication
_cby G. Keiser
260 _bTMH
_aDelhi
_c2006
300 _a602
650 _aECE
942 _cBK
999 _c4201
_d4201